ბათუმის შოთა რუსთაველის სახელმწიფო უნივერსიტეტის ბიბლიოთეკა

Русский язык для медиков : (ბიბ.ჩანაწერი № 50474)

000 -LEADER
fixed length control field 00994nam a2200253Ia 4500
001 - CONTROL NUMBER
control field 17422
003 - CONTROL NUMBER IDENTIFIER
control field GE_BSU
005 - DATE AND TIME OF LATEST TRANSACTION
control field 20200213124710.0
008 - FIXED-LENGTH DATA ELEMENTS--GENERAL INFORMATION
fixed length control field 181216s2014ru xx |||||||||||||| ||rus||
020 ## - INTERNATIONAL STANDARD BOOK NUMBER
International Standard Book Number 9785865477617
040 ## - CATALOGING SOURCE
Transcribing agency GE_BSU
041 ## - LANGUAGE CODE
Language code of text/sound track or separate title rus
080 ## - UNIVERSAL DECIMAL CLASSIFICATION NUMBER
Universal Decimal Classification number 811.161.1 Л-84
100 ## - MAIN ENTRY--PERSONAL NAME
Personal name Лукьянова, Л,В.
9 (RLIN) 7038
245 ## - TITLE STATEMENT
Title Русский язык для медиков :
Remainder of title учебное пособие для иностранных студентов первого курса /
Statement of responsibility, etc. Л,В, Лукьянова ; Ред . А.В.Аверина.
250 ## - EDITION STATEMENT
Edition statement 6-е издание
264 ## - PRODUCTION, PUBLICATION, DISTRIBUTION, MANUFACTURE, AND COPYRIGHT NOTICE
Place of production, publication, distribution, manufacture Санкт-Петербург :
Name of producer, publisher, distributor, manufacturer Златоуст,
Date of production, publication, distribution, manufacture, or copyright notice 2014.
300 ## - PHYSICAL DESCRIPTION
Extent 120 стр.:
Other physical details ил.;
Dimensions 27 cм.
653 ## - INDEX TERM--UNCONTROLLED
keyword для иностранных студентов
653 ## - INDEX TERM--UNCONTROLLED
keyword Русский язык для медиков
653 ## - INDEX TERM--UNCONTROLLED
keyword რუსული ენა
700 ## - ADDED ENTRY--PERSONAL NAME
Personal name Аверина, А.В.
Relator term რედაქტორი
9 (RLIN) 7039
942 ## - ADDED ENTRY ELEMENTS (KOHA)
Koha item type წიგნი
Source of classification or shelving scheme
ეგზემპლარები
Withdrawn status Lost status Source of classification or shelving scheme Damaged status Not for loan Permanent Location Current Location Shelving location Date acquired Cost, normal purchase price Full call number Barcode Date last seen Copy number Price effective from Koha item type Public note
          ბათუმის შოთა რუსთაველის სახელმწიფო უნივერსიტეტის მთავარი ბიბლიოთეკა ბათუმის შოთა რუსთაველის სახელმწიფო უნივერსიტეტის მთავარი ბიბლიოთეკა წიგნსაცავი 2018-12-17 27.00 811.161.1 Л-84 45573 2018-12-17 45573 2018-12-17 წიგნი 27л.